| 000 | 00709pam a2200265 a 4500 | ||
|---|---|---|---|
| 999 |
_c6936 _d6936 |
||
| 001 | 6936 | ||
| 003 | BD-JhCC | ||
| 005 | 20180201171441.0 | ||
| 008 | 860612s1987 caua 001 0 eng | ||
| 020 |
_a0534074227 : _c$24.95 |
||
| 035 | _a(BD-JhCC) 6936 | ||
| 040 |
_aDLC _cDLC _dDLC |
||
| 041 | _aeng | ||
| 050 | 0 | 0 |
_aQA184 _b.G76 1987 |
| 082 | 0 | 0 |
_a512/.5 _219 _bGro 1987 |
| 100 | 1 | _aGrossman, Stanley I. | |
| 245 | 1 | 0 |
_aElementary linear algebra / _cStanley I. Grossman. |
| 250 | _a3rd ed. | ||
| 260 |
_aBelmont, Calif. : _bWadsworth Pub. Co., _cc1987. |
||
| 300 |
_axvi, 446 p. : _bill. ; _c25 cm. |
||
| 500 | _aIncludes index. | ||
| 650 | 0 | _aAlgebras, Linear. | |
| 942 |
_2ddc _cBK |
||